A New binary accelerator system for sulphur vulcanization of natural rubber (Record no. 53417)

MARC details
000 -LEADER
fixed length control field 00419nam a2200157Ia 4500
100 ## - MAIN ENTRY--AUTHOR NAME
Personal name Aprem A S
245 #2 - TITLE STATEMENT
Title A New binary accelerator system for sulphur vulcanization of natural rubber
260 ## - PUBLICATION, DISTRIBUTION, ETC. (IMPRINT)
Name of publisher Kautschuk Gummi Kunststoffe
Year of publication 1999
300 ## - PHYSICAL DESCRIPTION
Number of Pages 576-585
700 ## - ADDED ENTRY--PERSONAL NAME
Personal name Joseph K
700 ## - ADDED ENTRY--PERSONAL NAME
Personal name Mathew G
700 ## - ADDED ENTRY--PERSONAL NAME
Personal name Mathew G
700 ## - ADDED ENTRY--PERSONAL NAME
Personal name Thomas S
942 ## - ADDED ENTRY ELEMENTS (KOHA)
Koha item type Journals
Holdings
Withdrawn status Lost status Damaged status Not for loan Home library Current library Shelving location Date acquired Serial Enumeration / chronology Koha item type
      Journals RRII Library RRII Library Rubber chemistry 17/12/2021 Volume 52, Issue 9 Journals